| 000 | 00573nam a22001337a 4500 | ||
|---|---|---|---|
| 040 | _cRUA | ||
| 082 | _aLMA SE 2015 B540 Or.1 | ||
| 100 | _aSE SODARA; សែ សុតារា | ||
| 245 | _aStudy on master plan of land use planning in saang district, kandal province; សិក្សាពីការកសាងប្លង់គោលប្រើប្រាស់ដី នៅក្នុងស្រុកស្អាង ខេត្តកណ្ដាល | ||
| 260 |
_aPHNOM PENH _bSE _c2015 |
||
| 300 |
_axii;68p. _bill. _c29cm. |
||
| 856 | _uSE SODARA | ||
| 942 | _cLMA | ||
| 999 |
_c10920 _d10920 |
||